[Event "St Petersburg Korchnoi Memorial op"]
[Site "St Petersburg"]
[Date "2019.08.18"]
[Round "5"]
[White "Gerasimov, Vadim"]
[Black "Pogorelskikh, Sofia"]
[Result "0-1"]
[WhiteElo "1788"]
[BlackElo "2189"]
[PlyCount "84"]
[EventDate "2019.08.14"]
[EventType "swiss"]
[EventRounds "9"]
[EventCountry "RUS"]
[SourceTitle "CBM 192"]
[Source "ChessBase"]
[SourceDate "2019.10.31"]
[SourceVersion "1"]
[SourceVersionDate "2019.10.31"]
[SourceQuality "1"]

1. d4 Nf6 2. c4 g6 3. Nc3 Bg7 4. e4 d6 5. Nf3 0-0 6. Be2 Na6 7. 0-0 e5 8. Re1 Qe8 9. Bf1 Bg4 10. d5 Nb4 11. Qb3 a5 12. a3 Na6 13. Qxb7 a4 14. Be3 Qe7 15. Ba7 Nc5 16. Bxc5 dxc5 17. Nb5 Bxf3 18. d6 Qe6 19. gxf3 cxd6 20. Qc6 Rab8 21. Qa6 Nh5 22. Qxa4 Bh6 23. Qd1 Rfd8 24. a4 Qe7 25. Re2 f5 26. b3 Qg5+ 27. Kh1 fxe4 28. Rxe4 Nf6 29. Re1 Qh4 30. Ra2 e4 31. Bg2 d5 32. Qc2 exf3 33. Bxf3 Bf4 34. Kg1 Qxh2+ 35. Kf1 d4 36. Re7 d3 37. Qd1 d2 38. Nc3 Qh3+ 39. Ke2 Re8 40. Nd5 Nxd5 41. Bxd5+ Kf8 42. Re4 Qg4+ 0-1

[Event "Voronezh op-B 23rd"]
[Site "Voronezh"]
[Date "2019.06.19"]
[Round "8"]
[White "Agadjanian, Sergey"]
[Black "Gerasimov, Vadim"]
[Result "0-1"]
[WhiteElo "1919"]
[BlackElo "1691"]
[PlyCount "84"]
[EventDate "2019.06.12"]
[EventType "swiss"]
[EventRounds "9"]
[EventCountry "RUS"]
[SourceTitle "EXT 2020"]
[Source "ChessBase"]
[SourceDate "2019.10.17"]
[SourceVersion "1"]
[SourceVersionDate "2019.10.17"]
[SourceQuality "1"]

1. d4 d5 2. c4 c6 3. Nf3 Nf6 4. g3 Bf5 5. Bg2 e6 6. 0-0 h6 7. Bf4 Be7 8. Nbd2 Nbd7 9. Rc1 0-0 10. a3 g5 11. Be3 Ng4 12. Rc3 Nxe3 13. Rxe3 Bf6 14. h3 Re8 15. Rb3 Qc7 16. Re1 Rad8 17. e4 dxe4 18. Nxe4 Bxe4 19. Rxe4 Nc5 20. Qc2 Nxb3 21. Qxb3 c5 22. dxc5 Qxc5 23. h4 Qf5 24. Qe3 Rd1+ 25. Kh2 g4 26. Rf4 Qg6 27. Ne5 Bxe5 28. Qxe5 Rd2 29. Rf6 Qg7 30. Qf4 Re2 31. Be4 Rd8 32. Kg2 Rdd2 33. Qb8+ Qf8 34. Qxa7 Kg7 35. Rf4 f5 36. Qa5 Qf6 37. Qc5 Rd7 38. Kh2 Qd4 39. Qc8 Rxf2+ 40. Rxf2 Qxf2+ 41. Bg2 Rd1 42. Qxb7+ Kf6 0-1

[Event "Voronezh op-B 23rd"]
[Site "Voronezh"]
[Date "2019.06.17"]
[Round "6"]
[White "Gerasimov, Vadim"]
[Black "Kholodov, Vladimir"]
[Result "1-0"]
[WhiteElo "1691"]
[BlackElo "1939"]
[PlyCount "51"]
[EventDate "2019.06.12"]
[EventType "swiss"]
[EventRounds "9"]
[EventCountry "RUS"]
[SourceTitle "EXT 2020"]
[Source "ChessBase"]
[SourceDate "2019.10.17"]
[SourceVersion "1"]
[SourceVersionDate "2019.10.17"]
[SourceQuality "1"]

1. d4 d5 2. c4 c6 3. Nc3 e6 4. cxd5 exd5 5. Nf3 Nf6 6. Bg5 Be7 7. Qc2 0-0 8. e3 Re8 9. Bd3 Nbd7 10. 0-0 h6 11. Bh4 Nh5 12. Bxe7 Qxe7 13. Rab1 g5 14. e4 dxe4 15. Nxe4 Nhf6 16. Rfe1 Nxe4 17. Rxe4 Qd8 18. Rxe8+ Qxe8 19. Re1 Qf8 20. Bc4 Nb6 21. Qg6+ Kh8 22. Bxf7 Bd7 23. Re7 Qg7 24. Ne5 Qxg6 25. Bxg6 Be8 26. Bh7 1-0

[Event "Voronezh op-B 23rd"]
[Site "Voronezh"]
[Date "2019.06.16"]
[Round "5"]
[White "Sokolovsky, Victor"]
[Black "Gerasimov, Vadim"]
[Result "0-1"]
[WhiteElo "1916"]
[BlackElo "1691"]
[PlyCount "61"]
[EventDate "2019.06.12"]
[EventType "swiss"]
[EventRounds "9"]
[EventCountry "RUS"]
[SourceTitle "EXT 2020"]
[Source "ChessBase"]
[SourceDate "2019.10.17"]
[SourceVersion "1"]
[SourceVersionDate "2019.10.17"]
[SourceQuality "1"]

1. e4 c5 2. Nf3 d6 3. d4 cxd4 4. Nxd4 Nf6 5. Nc3 g6 6. Be3 Bg7 7. f3 0-0 8. Qd2 Nc6 9. Bc4 Bd7 10. g4 Rc8 11. Bb3 Ne5 12. h4 h5 13. gxh5 Nxh5 14. 0-0-0 Nc4 15. Qd3 Nxe3 16. Qxe3 Kh7 17. Kb1 Qa5 18. Rhg1 Qc5 19. Nd5 e6 20. Ne7 Bh6 21. f4 Rce8 22. Rg5 Bxg5 23. hxg5 Rxe7 24. Qf3 f6 25. f5 exf5 26. exf5 Bxf5 27. Rh1 fxg5 28. Ne6 Rxe6 29. Rxh5+ gxh5 30. Qxh5+ Rh6 31. Qd1 0-1

[Event "Moscow-ch final"]
[Site "Moscow"]
[Date "2019.04.04"]
[Round "6"]
[White "Gerasimov, Vadim"]
[Black "Usov, Dmitry E"]
[Result "1-0"]
[WhiteElo "1688"]
[BlackElo "1032"]
[PlyCount "96"]
[EventDate "2019.03.30"]
[EventType "swiss"]
[EventRounds "9"]
[EventCountry "RUS"]
[SourceTitle "CBM 189 Extra"]
[Source "ChessBase"]
[SourceDate "2019.06.03"]
[SourceVersion "1"]
[SourceVersionDate "2019.06.03"]
[SourceQuality "1"]

1. d4 c6 2. c4 d5 3. Nc3 Nf6 4. Nf3 dxc4 5. a4 Bf5 6. e3 e6 7. Bxc4 Bb4 8. 0-0 0-0 9. Nh4 Bg4 10. f3 Bh5 11. g4 Bg6 12. Nxg6 hxg6 13. e4 Bxc3 14. bxc3 Nbd7 15. Bf4 Qe7 16. Bg5 Qe8 17. Re1 Qc8 18. a5 Qc7 19. Qb3 b6 20. Bh4 Qf4 21. Kg2 b5 22. Bf1 Qc7 23. Bg3 Qb7 24. c4 a6 25. Rac1 Ra7 26. Rc2 Raa8 27. d5 Nc5 28. Qb4 Ncd7 29. cxb5 exd5 30. Rxc6 dxe4 31. f4 Rfc8 32. Rec1 axb5 33. Rc7 Rxc7 34. Rxc7 Qa6 35. Bxb5 Qe6 36. a6 Nf8 37. h3 N8h7 38. a7 Nf8 39. Bc6 Qa2+ 40. Bf2 Ne6 41. Bxa8 Nxc7 42. Qb8+ Nfe8 43. Bc6 Qc4 44. a8Q Nxa8 45. Qxe8+ Kh7 46. Bxa8 f6 47. Bd5 Qe2 48. g5 fxg5 1-0

[Event "Moscow-ch final"]
[Site "Moscow"]
[Date "2019.03.30"]
[Round "1"]
[White "Yarygin, Maksim"]
[Black "Gerasimov, Vadim"]
[Result "1-0"]
[WhiteElo "2204"]
[BlackElo "1688"]
[PlyCount "77"]
[EventDate "2019.03.30"]
[EventType "swiss"]
[EventRounds "9"]
[EventCountry "RUS"]
[SourceTitle "CBM 189 Extra"]
[Source "ChessBase"]
[SourceDate "2019.06.03"]
[SourceVersion "1"]
[SourceVersionDate "2019.06.03"]
[SourceQuality "1"]

1. e4 c5 2. c4 Nc6 3. Nc3 g6 4. g3 Bg7 5. Bg2 e6 6. Nge2 d6 7. 0-0 Nge7 8. d3 0-0 9. Be3 Nd4 10. f4 Rb8 11. Kh1 a6 12. a4 Kh8 13. g4 f5 14. gxf5 exf5 15. Bg1 Nec6 16. Nxd4 Bxd4 17. Qd2 Bxg1 18. Rxg1 Be6 19. Rae1 Qf6 20. e5 dxe5 21. Bxc6 bxc6 22. Rxe5 Rfd8 23. Qe3 Bf7 24. Rg2 Qd6 25. Rd2 Qd4 26. Qxd4 Rxd4 27. Ne2 Rd6 28. Rxc5 Rb4 29. Rc2 Rxa4 30. d4 Rb4 31. Kg2 Kg7 32. Kf2 Kf6 33. Kf3 h6 34. h4 g5 35. hxg5+ hxg5 36. fxg5+ Kxg5 37. Ng3 Bg6 38. Ne4+ Kh4 39. Nxd6 1-0